LEADER 00894cam2-2200325---450- 001 990004367990403321 005 20140423134937.0 010 $a0-404-08769-8 035 $a000436799 035 $aFED01000436799 035 $a(Aleph)000436799FED01 035 $a000436799 100 $a19990604d1974----km-y0itay50------ba 101 0 $aeng 102 $aUS 105 $a--------001ay 200 1 $a<<19.: >>St. Ives$fby Robert Louis Stevenson 205 $aRepr. 210 $aNew York$cScribner$d1974 215 $a586 p.$d18 cm 461 0$1001000985181$a<>works of Robert Louis Stevenson$v19 676 $a823.8 700 1$aStevenson,$bRobert Louis$f<1850-1894>$07383 801 0$aIT$bUNINA$gRICA$2UNIMARC 901 $aBK 912 $a990004367990403321 952 $a823.8 STEV 1(1;19)$bBibl.57819$fFLFBC 959 $aFLFBC 996 $aSt. Ives$972212 997 $aUNINA